|
|
|
|
| LEADER |
00000cim a22000004a 4500 |
| 001 |
musev2_71871 |
| 003 |
MdBmJHUP |
| 005 |
20230905051414.0 |
| 006 |
m o d |
| 007 |
cr||||||||nn|n |
| 008 |
090608s2009 nju o 00 0 eng d |
| 020 |
|
|
|a 9780691206998
|
| 020 |
|
|
|z 9780691130675
|
| 035 |
|
|
|a (OCoLC)1227051464
|
| 040 |
|
|
|a MdBmJHUP
|c MdBmJHUP
|
| 100 |
1 |
|
|a Marsh, Charles,
|d 1958-
|
| 245 |
1 |
0 |
|a God's Long Summer :
|b Stories of Faith and Civil Rights /
|c Charles Marsh ; with a new preface by the author.
|
| 264 |
|
1 |
|a Princeton, N.J. :
|b Recording for the Blind & Dyslexic,
|c 2009.
|
| 264 |
|
3 |
|a Baltimore, Md. :
|b Project MUSE,
|c 2021
|
| 264 |
|
4 |
|c ©2009.
|
| 300 |
|
|
|a 1 online resource:
|b digital, mono ;
|
| 336 |
|
|
|a text
|b txt
|2 rdacontent
|
| 337 |
|
|
|a computer
|b c
|2 rdamedia
|
| 338 |
|
|
|a online resource
|b cr
|2 rdacarrier
|
| 500 |
|
|
|a Previously published: 1997.
|
| 500 |
|
|
|a Originally published: Princeton, N.J. : Princeton University Press, 2008, 1997.
|
| 588 |
|
|
|a Description based on print version record.
|
| 650 |
|
7 |
|a Race relations.
|2 fast
|0 (OCoLC)fst01086509
|
| 650 |
|
7 |
|a Civil rights workers
|x Religious life.
|2 fast
|0 (OCoLC)fst00862727
|
| 650 |
|
7 |
|a Civil rights
|x Religious aspects
|x Christianity.
|2 fast
|0 (OCoLC)fst00862673
|
| 650 |
|
7 |
|a Civil rights movements.
|2 fast
|0 (OCoLC)fst00862708
|
| 650 |
|
7 |
|a African Americans
|x Civil rights.
|2 fast
|0 (OCoLC)fst00799575
|
| 650 |
|
0 |
|a Civil rights workers
|x Religious life
|z Mississippi
|x History
|y 20th century.
|
| 650 |
|
0 |
|a Civil rights
|z Mississippi
|x Religious aspects
|x Christianity.
|
| 650 |
|
0 |
|a Civil rights movements
|z Mississippi
|x History
|y 20th century.
|
| 650 |
|
0 |
|a African Americans
|x Civil rights
|z Mississippi
|x History
|y 20th century.
|
| 651 |
|
7 |
|a Mississippi.
|2 fast
|0 (OCoLC)fst01207034
|
| 651 |
|
0 |
|a Mississippi
|x Church history
|y 20th century.
|
| 651 |
|
0 |
|a Mississippi
|x Race relations.
|
| 655 |
|
7 |
|a History.
|2 fast
|0 (OCoLC)fst01411628
|
| 655 |
|
7 |
|a Church history.
|2 fast
|0 (OCoLC)fst01411629
|
| 655 |
|
7 |
|a Electronic books.
|2 local
|
| 710 |
2 |
|
|a Project Muse.
|e distributor
|
| 830 |
|
0 |
|a Book collections on Project MUSE.
|
| 856 |
4 |
0 |
|z Texto completo
|u https://projectmuse.uam.elogim.com/book/71871/
|
| 945 |
|
|
|a Project MUSE - Custom Collection
|
| 945 |
|
|
|a Project MUSE - Archive Complete Supplement IX
|
| 945 |
|
|
|a Project MUSE - Archive Philosophy and Religion Supplement IX
|
| 945 |
|
|
|a Project MUSE - Archive American Studies Supplement VIII
|